000 00717nam a22002297a 4500
005 20220802151224.0
008 220802b ||||| |||| 00| 0 eng d
040 _cAL
041 _aEnglish
082 _223
_a331.1168
_bGOLM
100 _aJoseph P Goldberg
_954411
245 _aMaritime Story: A Study in Labor Management Relations
260 _aCambridge
_bHarvard University Press
_c1958
300 _axv,361 p.
_bHB
_c24x15.5 cm.
650 _aUnited States
_954412
650 _aIndustrial relations
_954413
650 _aMerchant mariners--Societies, etc
_954414
650 _aMerchant marine
_954415
650 _aIndustrial sociology
_954416
700 _aGOLDBERG (Joseph P)
_954417
942 _2ddc
_cGF
999 _c224380
_d224380